Normal view
MARC view
- Cohen J
Entry Personal Name
001 - CONTROL NUMBER
- control field: 23845
003 - CONTROL NUMBER IDENTIFIER
- control field: OSt
005 - DATE AND TIME OF LATEST TRANSACTION
- control field: 20220803172227.0
008 - FIXED-LENGTH DATA ELEMENTS
- fixed length control field: 220803|| aca||aabn | a|a d
040 ## - CATALOGING SOURCE
- Original cataloging agency: OSt
- Transcribing agency: OSt
100 ## - HEADING--PERSONAL NAME
- Personal name: Cohen J
670 ## - SOURCE DATA FOUND
- Source citation: Work cat.: (OSt)15166: Schmidt E 23843, New Digital Age : Reshaping The Future Of People Nations And Business, 2013